| 000 | 03395cam a2200709Ii 4500 | ||
|---|---|---|---|
| 001 | ocn875884941 | ||
| 003 | OCoLC | ||
| 005 | 20230823095219.0 | ||
| 006 | m o d | ||
| 007 | cr cnu---unuuu | ||
| 008 | 140407t20142014njua ob 001 0 eng d | ||
| 040 |
_aDG1 _beng _erda _epn _cDG1 _dN$T _dIDEBK _dE7B _dCUS _dYDXCP _dOCLCF _dRECBK _dCOO _dDEBSZ _dDEBBG |
||
| 019 |
_a908035361 _a961546403 _a962572246 |
||
| 020 | _a9781118837047 (electronic bk.) | ||
| 020 | _a1118837045 (electronic bk.) | ||
| 020 | _a9781118852453 (electronic bk.) | ||
| 020 | _a1118852451 (electronic bk.) | ||
| 020 | _a9781118837139 (electronic bk.) | ||
| 020 | _a1118837134 (electronic bk.) | ||
| 020 | _z97811184836941 (print) | ||
| 020 | _z9781118836941 | ||
| 020 | _a1118836944 | ||
| 020 | _a9781118836941 | ||
| 020 | _a9781306637930 | ||
| 020 | _a1306637937 | ||
| 024 | 7 |
_a10.1002/9781118852453 _2doi |
|
| 029 | 1 |
_aNZ1 _b15500202 |
|
| 029 | 1 |
_aCHVBK _b334084865 |
|
| 029 | 1 |
_aCHBIS _b010442012 |
|
| 029 | 1 |
_aDEBSZ _b475024346 |
|
| 029 | 1 |
_aDEBBG _bBV043396663 |
|
| 035 |
_a(OCoLC)875884941 _z(OCoLC)908035361 _z(OCoLC)961546403 _z(OCoLC)962572246 |
||
| 050 | 4 | _aHD9715.A2 | |
| 072 | 7 |
_aBUS _x001010 _2bisacsh |
|
| 082 | 0 | 4 |
_a657/.869 _223 |
| 049 | _aMAIN | ||
| 100 | 1 |
_aSchleifer, Thomas C., _eauthor. |
|
| 245 | 1 | 0 |
_aManaging the profitable construction business : _bthe contractor's guide to success and survival strategies / _cThomas C. Schleifer, Kenneth T. Sullivan, John M. Murdough. |
| 264 | 1 |
_aHoboken, New Jersey : _bWiley, _c[2014] |
|
| 264 | 4 | _c©2014 | |
| 300 |
_a1 online resource (xxv, 254 pages) : _billustrations |
||
| 336 |
_atext _btxt _2rdacontent |
||
| 337 |
_acomputer _bc _2rdamedia |
||
| 338 |
_aonline resource _bcr _2rdacarrier |
||
| 500 | _a"RSMeans." | ||
| 504 | _aIncludes bibliographical references and index. | ||
| 505 | 0 | _aPart 1. Managing with Confidence -- Elements of Contractor Failure -- Increase in Project Size -- Change in Geographic Location -- Changing or Adding to Type of Construction Performed -- Replace Key Personnel -- Managerial Maturity -- Accounting Systems -- Evaluating Contract Profitability -- Equipment Cost Management -- Other Industry Concerns -- Part 2. Financial Management Issues -- Financial Analysis and Indicators -- Projection and Budgets -- The Effective Use of Credit -- Making Decisions in Volatile Conditions -- Success Factors for a Changing Industry -- Performance Measurement -- Appendix: Answer Key for Chapter Review Questions . | |
| 588 | _aDescription based on online resource; title from PDF title page (Wiley, viewed April 7, 2014). | ||
| 650 | 0 |
_aConstruction industry _xManagement. |
|
| 650 | 0 |
_aConstruction industry _xFinance. |
|
| 650 | 7 |
_aBUSINESS & ECONOMICS / Accounting / Financial _2bisacsh |
|
| 650 | 7 |
_aConstruction industry _xFinance. _2fast _0(OCoLC)fst00876024 |
|
| 650 | 7 |
_aConstruction industry _xManagement. _2fast _0(OCoLC)fst00876069 |
|
| 655 | 4 | _aElectronic books. | |
| 655 | 0 | _aElectronic books. | |
| 700 | 1 |
_aSullivan, Kenneth T., _eauthor. |
|
| 700 | 1 |
_aMurdough, John M., _eauthor. |
|
| 776 | 0 | 8 |
_iPrint version: _aSchleifer, Thomas C. _tManaging the profitable construction business. _dHoboken, N.J. : John Wiley & Sons, c2014 _z9781118836941 _w(OCoLC)859580835 |
| 856 | 4 | 0 |
_uhttp://dx.doi.org/10.1002/9781118852453 _zWiley Online Library |
| 994 |
_a92 _bDG1 |
||
| 999 |
_c21281 _d21240 |
||
| 526 | _bfin | ||